<?xml version="1.0" encoding="UTF-8"?>
<record
    xmlns:xsi="http://www.w3.org/2001/XMLSchema-instance"
    xsi:schemaLocation="http://www.loc.gov/MARC21/slim http://www.loc.gov/standards/marcxml/schema/MARC21slim.xsd"
    xmlns="http://www.loc.gov/MARC21/slim">

  <leader>00732nam a2200241 a 4500</leader>
  <controlfield tag="005">20240515125217.0</controlfield>
  <controlfield tag="008">s2010||||ag a   f |||| 001 0 spa d</controlfield>
  <datafield tag="020" ind1=" " ind2=" ">
    <subfield code="a">9789872425562</subfield>
  </datafield>
  <datafield tag="041" ind1=" " ind2=" ">
    <subfield code="a">spa</subfield>
  </datafield>
  <datafield tag="092" ind1=" " ind2=" ">
    <subfield code="c">616.2</subfield>
    <subfield code="l">16</subfield>
    <subfield code="s">DIA</subfield>
  </datafield>
  <datafield tag="100" ind1="1" ind2=" ">
    <subfield code="a">Diamante, Vicente G.</subfield>
    <subfield code="9">936</subfield>
  </datafield>
  <datafield tag="245" ind1=" " ind2=" ">
    <subfield code="a">Compendio de otorrinolaringolog&#xED;a /</subfield>
    <subfield code="c">Vicente G. Diamante.</subfield>
  </datafield>
  <datafield tag="250" ind1=" " ind2=" ">
    <subfield code="a">1a ed.</subfield>
  </datafield>
  <datafield tag="260" ind1=" " ind2=" ">
    <subfield code="a">Buenos Aires: </subfield>
    <subfield code="b">Hipocr&#xE1;tico;</subfield>
    <subfield code="c">2010.</subfield>
  </datafield>
  <datafield tag="300" ind1=" " ind2=" ">
    <subfield code="a">228 p.</subfield>
    <subfield code="c">18x26 cm.</subfield>
    <subfield code="b">il.</subfield>
  </datafield>
  <datafield tag="500" ind1=" " ind2=" ">
    <subfield code="a">Diamante, V. G. (2010). Compendio de otorrinolaringolog&#xED;a. (1a ed.). Buenos Aires : Hipocr&#xE1;tico. </subfield>
  </datafield>
  <datafield tag="590" ind1=" " ind2=" ">
    <subfield code="a">Compra PROMED 2012</subfield>
  </datafield>
  <datafield tag="653" ind1=" " ind2=" ">
    <subfield code="a">O&#xED;do</subfield>
  </datafield>
  <datafield tag="653" ind1=" " ind2=" ">
    <subfield code="a">Nariz y senos paranasales</subfield>
  </datafield>
  <datafield tag="653" ind1=" " ind2=" ">
    <subfield code="a">Faringe</subfield>
  </datafield>
  <datafield tag="653" ind1=" " ind2=" ">
    <subfield code="a">Laringe</subfield>
  </datafield>
  <datafield tag="942" ind1=" " ind2=" ">
    <subfield code="2">ddc</subfield>
    <subfield code="c">BK</subfield>
    <subfield code="0">1</subfield>
  </datafield>
  <datafield tag="999" ind1=" " ind2=" ">
    <subfield code="c">1116</subfield>
    <subfield code="d">1116</subfield>
  </datafield>
  <datafield tag="952" ind1=" " ind2=" ">
    <subfield code="0">0</subfield>
    <subfield code="1">0</subfield>
    <subfield code="2">ddc</subfield>
    <subfield code="4">0</subfield>
    <subfield code="7">0</subfield>
    <subfield code="8">REF</subfield>
    <subfield code="a">BFM</subfield>
    <subfield code="b">BFM</subfield>
    <subfield code="c">REF</subfield>
    <subfield code="d">2012-10-16</subfield>
    <subfield code="g">0.00</subfield>
    <subfield code="l">6</subfield>
    <subfield code="o">616.2 DIA 16</subfield>
    <subfield code="p">2669</subfield>
    <subfield code="r">2016-08-29</subfield>
    <subfield code="s">2016-08-26</subfield>
    <subfield code="t">Ej.1</subfield>
    <subfield code="w">2012-10-16</subfield>
    <subfield code="y">REF</subfield>
    <subfield code="z">LIBRO DE CONSULTA Proyecto PROMED</subfield>
  </datafield>
  <datafield tag="952" ind1=" " ind2=" ">
    <subfield code="0">0</subfield>
    <subfield code="1">0</subfield>
    <subfield code="2">ddc</subfield>
    <subfield code="4">0</subfield>
    <subfield code="7">0</subfield>
    <subfield code="8">NFIC</subfield>
    <subfield code="a">BFM</subfield>
    <subfield code="b">BFM</subfield>
    <subfield code="c">CR</subfield>
    <subfield code="d">2012-10-16</subfield>
    <subfield code="g">0.00</subfield>
    <subfield code="l">89</subfield>
    <subfield code="m">23</subfield>
    <subfield code="o">616.2 DIA 16</subfield>
    <subfield code="p">2670</subfield>
    <subfield code="r">2017-05-04</subfield>
    <subfield code="s">2017-04-27</subfield>
    <subfield code="t">Ej.2</subfield>
    <subfield code="w">2012-10-16</subfield>
    <subfield code="y">BK</subfield>
    <subfield code="z">Proyecto PROMED</subfield>
  </datafield>
  <datafield tag="952" ind1=" " ind2=" ">
    <subfield code="0">0</subfield>
    <subfield code="1">0</subfield>
    <subfield code="2">ddc</subfield>
    <subfield code="4">0</subfield>
    <subfield code="7">0</subfield>
    <subfield code="8">NFIC</subfield>
    <subfield code="a">BFM</subfield>
    <subfield code="b">BFM</subfield>
    <subfield code="c">CR</subfield>
    <subfield code="d">2012-10-16</subfield>
    <subfield code="g">0.00</subfield>
    <subfield code="l">101</subfield>
    <subfield code="m">22</subfield>
    <subfield code="o">616.2 DIA 16</subfield>
    <subfield code="p">2671</subfield>
    <subfield code="r">2024-06-18</subfield>
    <subfield code="s">2023-11-21</subfield>
    <subfield code="t">Ej.3</subfield>
    <subfield code="w">2012-10-16</subfield>
    <subfield code="y">BK</subfield>
    <subfield code="z">Proyecto PROMED. Sede Tordos. Ejemplar reemplazado por Gardere Camila, Agosto 2017.</subfield>
    <subfield code="f"></subfield>
  </datafield>
  <datafield tag="952" ind1=" " ind2=" ">
    <subfield code="0">0</subfield>
    <subfield code="1">0</subfield>
    <subfield code="2">ddc</subfield>
    <subfield code="4">0</subfield>
    <subfield code="7">0</subfield>
    <subfield code="8">NFIC</subfield>
    <subfield code="a">BFM</subfield>
    <subfield code="b">BFM</subfield>
    <subfield code="c">CR</subfield>
    <subfield code="d">2015-10-07</subfield>
    <subfield code="e">PROMED</subfield>
    <subfield code="g">144.00</subfield>
    <subfield code="l">33</subfield>
    <subfield code="m">13</subfield>
    <subfield code="o">616.2 DIA 16 </subfield>
    <subfield code="p">3589</subfield>
    <subfield code="r">2022-10-13</subfield>
    <subfield code="s">2022-09-30</subfield>
    <subfield code="t">Ej. 4</subfield>
    <subfield code="w">2015-10-07</subfield>
    <subfield code="y">BK</subfield>
    <subfield code="z">Compra PROMED OCT/15</subfield>
  </datafield>
  <datafield tag="952" ind1=" " ind2=" ">
    <subfield code="0">0</subfield>
    <subfield code="1">0</subfield>
    <subfield code="2">ddc</subfield>
    <subfield code="4">0</subfield>
    <subfield code="7">0</subfield>
    <subfield code="8">NFIC</subfield>
    <subfield code="a">BFM</subfield>
    <subfield code="b">BFM</subfield>
    <subfield code="c">CR</subfield>
    <subfield code="d">2015-10-07</subfield>
    <subfield code="e">PROMED</subfield>
    <subfield code="g">144.00</subfield>
    <subfield code="l">32</subfield>
    <subfield code="m">10</subfield>
    <subfield code="o">616.2 DIA 16 </subfield>
    <subfield code="p">3590</subfield>
    <subfield code="r">2020-02-13</subfield>
    <subfield code="s">2019-11-27</subfield>
    <subfield code="t">Ej. 5</subfield>
    <subfield code="w">2015-10-07</subfield>
    <subfield code="y">BK</subfield>
    <subfield code="z">Compra PROMED OCT/15. Sede Tordos.</subfield>
    <subfield code="f"></subfield>
  </datafield>
  <datafield tag="952" ind1=" " ind2=" ">
    <subfield code="0">0</subfield>
    <subfield code="1">0</subfield>
    <subfield code="2">ddc</subfield>
    <subfield code="4">0</subfield>
    <subfield code="7">0</subfield>
    <subfield code="8">NFIC</subfield>
    <subfield code="a">BFM</subfield>
    <subfield code="b">BFM</subfield>
    <subfield code="c">CR</subfield>
    <subfield code="d">2015-10-07</subfield>
    <subfield code="e">PROMED</subfield>
    <subfield code="g">144.00</subfield>
    <subfield code="l">24</subfield>
    <subfield code="m">12</subfield>
    <subfield code="o">616.2 DIA 16 </subfield>
    <subfield code="p">3591</subfield>
    <subfield code="r">2023-04-27</subfield>
    <subfield code="s">2023-04-20</subfield>
    <subfield code="t">Ej. 6</subfield>
    <subfield code="w">2015-10-07</subfield>
    <subfield code="y">BK</subfield>
    <subfield code="z">Compra PROMED OCT/15. Sede Tordos.</subfield>
    <subfield code="f"></subfield>
  </datafield>
</record>
